[Event "DEM U18 2019"]
[Site "Willingen GER"]
[Date "2019.06.09"]
[Round "1"]
[White "Engel, Luis"]
[Black "Schneider, Jana"]
[Result "1-0"]
[Termination "normal"]
[Board "1"]
[WhiteTitle "IM"]
[BlackTitle "FM"]
[WhiteElo "2512"]
[BlackElo "2235"]
[WhiteClock "00:26:51"]
[BlackClock "00:27:13"]
[PlyCount "107"]
[WhiteFideId "12961523"]
[BlackFideId "12924997"]
[EventCountry "GER"]
[EventRounds "9"]
[EventType "swiss"]
[EventDate "2019.06.08"]

1. e4 {[%clk 1:30:58]} 1... e6 {[%clk 1:30:53]} 2. d4 {[%clk 1:31:23]} 2... d5
{[%clk 1:31:17]} 3. Nd2 {[%clk 1:31:48]} 3... c5 {[%clk 1:31:40]} 4. exd5 {
[%clk 1:32:14]} 4... Qxd5 {[%clk 1:32:03]} 5. Ngf3 {[%clk 1:32:38]} 5... cxd4 {
[%clk 1:32:26]} 6. Bc4 {[%clk 1:33:02]} 6... Qd6 {[%clk 1:32:50]} 7. O-O {
[%clk 1:33:25]} 7... Nf6 {[%clk 1:33:14]} 8. Nb3 {[%clk 1:33:50]} 8... Nc6 {
[%clk 1:33:37]} 9. Nbxd4 {[%clk 1:34:14]} 9... Nxd4 {[%clk 1:34:00]} 10. Nxd4 {
[%clk 1:34:36]} 10... Be7 {[%clk 1:34:23]} 11. c3 {[%clk 1:25:47]} 11... O-O {
[%clk 1:34:24]} 12. Qf3 {[%clk 1:24:58]} 12... Qc7 {[%clk 1:34:29]} 13. Bb3 {
[%clk 1:24:02]} 13... a6 {[%clk 1:34:10]} 14. Bg5 {[%clk 1:21:42]} 14... Bd6 {
[%clk 1:24:55]} 15. h3 {[%clk 1:10:36]} 15... Nd7 {[%clk 1:19:51]} 16. Rad1 {
[%clk 1:06:40]} 16... Ne5 {[%clk 1:05:24]} 17. Qe4 {[%clk 1:01:28]} 17... Ng6 {
[%clk 1:04:06]} 18. h4 {[%clk 0:55:32]} 18... h6 {[%clk 1:01:22]} 19. h5 {
[%clk 0:48:49]} 19... Nf4 {[%clk 1:01:03]} 20. Bxf4 {[%clk 0:48:49]} 20... Bxf4
{[%clk 1:01:20]} 21. g3 {[%clk 0:46:47]} 21... Bd6 {[%clk 0:59:15]} 22. Rfe1 {
[%clk 0:43:39]} 22... Bd7 {[%clk 0:47:41]} 23. Bc2 {[%clk 0:34:31]} 23... f5 {
[%clk 0:47:44]} 24. Nxe6 {[%clk 0:33:55]} 24... fxe4 {[%clk 0:43:27]} 25. Nxc7
{[%clk 0:34:19]} 25... Bxc7 {[%clk 0:43:32]} 26. Rxd7 {[%clk 0:34:41]} 26...
Bb6 {[%clk 0:43:51]} 27. Bb3+ {[%clk 0:32:53]} 27... Kh8 {[%clk 0:44:09]} 28.
Bf7 {[%clk 0:33:01]} 28... Rae8 {[%clk 0:42:08]} 29. Rxb7 {[%clk 0:31:14]}
29... e3 {[%clk 0:41:51]} 30. fxe3 {[%clk 0:31:01]} 30... Bxe3+ {[%clk 0:38:45]
} 31. Kg2 {[%clk 0:31:21]} 31... Re5 {[%clk 0:38:55]} 32. Re2 {[%clk 0:29:15]}
32... Rf5 {[%clk 0:35:02]} 33. Rxe3 {[%clk 0:29:04]} 33... R8xf7 { [%clk
0:34:33]} 34. Rxf7 {[%clk 0:29:23]} 34... Rxf7 {[%clk 0:34:58]} 35. c4 { [%clk
0:29:11]} 35... Rd7 {[%clk 0:32:52]} 36. c5 {[%clk 0:28:47]} 36... Kg8 { [%clk
0:30:21]} 37. c6 {[%clk 0:28:15]} 37... Rc7 {[%clk 0:30:37]} 38. Rc3 { [%clk
0:28:24]} 38... Kf7 {[%clk 0:30:58]} 39. Kf3 {[%clk 0:28:27]} 39... Ke7 { [%clk
0:30:26]} 40. Ke4 {[%clk 0:28:26]} 40... Kd8 {[%clk 0:30:46]} 41. Kd5 { [%clk
0:27:51]} 41... Rf7 {[%clk 0:30:54]} 42. Kc5 {[%clk 0:26:59]} 42... Rf5+ {[%clk
0:27:53]} 43. Kb6 {[%clk 0:26:08]} 43... Rb5+ {[%clk 0:27:45]} 44. Kxa6 {[%clk
0:26:31]} 44... Rxb2 {[%clk 0:28:07]} 45. Rb3 {[%clk 0:26:53]} 45... Rxa2+
{[%clk 0:27:23]} 46. Kb7 {[%clk 0:27:17]} 46... Rc2 {[%clk 0:27:44]} 47. Rd3+
{[%clk 0:24:46]} 47... Ke8 {[%clk 0:27:18]} 48. c7 {[%clk 0:25:06]} 48... Rb2+
{[%clk 0:27:41]} 49. Kc6 {[%clk 0:25:04]} 49... Rc2+ {[%clk 0:28:02]} 50. Kd6
{[%clk 0:25:25]} 50... Rc1 {[%clk 0:27:49]} 51. Rd5 {[%clk 0:25:43]} 51... Rc3
{[%clk 0:26:45]} 52. Re5+ {[%clk 0:26:05]} 52... Kf7 {[%clk 0:27:06]} 53. Rc5
{[%clk 0:26:29]} 53... Rd3+ {[%clk 0:27:13]} 54. Kc6 {[%clk 0:26:51]} 1-0

[Event "DEM U18 2019"]
[Site "Willingen GER"]
[Date "2019.06.09"]
[Round "1"]
[White "Goldbeck, Lars"]
[Black "Buckels, Valentin"]
[Result "0-1"]
[Termination "normal"]
[Board "2"]
[BlackTitle "IM"]
[WhiteElo "2199"]
[BlackElo "2448"]
[WhiteClock "00:23:56"]
[BlackClock "00:28:55"]
[PlyCount "96"]
[WhiteFideId "16208188"]
[BlackFideId "12942766"]
[EventCountry "GER"]
[EventRounds "9"]
[EventType "swiss"]
[EventDate "2019.06.08"]

1. d4 {[%clk 1:30:56]} 1... Nf6 {[%clk 1:30:54]} 2. c4 {[%clk 1:31:23]} 2... e6
{[%clk 1:31:11]} 3. Nc3 {[%clk 1:31:49]} 3... Bb4 {[%clk 1:31:34]} 4. f3 {
[%clk 1:32:13]} 4... c5 {[%clk 1:31:32]} 5. d5 {[%clk 1:32:41]} 5... b5 { [%clk
1:31:22]} 6. e4 {[%clk 1:33:05]} 6... O-O {[%clk 1:31:35]} 7. Nh3 { [%clk
1:33:15]} 7... bxc4 {[%clk 1:31:33]} 8. Bxc4 {[%clk 1:33:42]} 8... exd5 { [%clk
1:31:10]} 9. Bxd5 {[%clk 1:34:04]} 9... Nxd5 {[%clk 1:31:34]} 10. Qxd5 { [%clk
1:34:28]} 10... Ba6 {[%clk 1:31:36]} 11. Bf4 {[%clk 1:34:24]} 11... Nc6 { [%clk
1:31:41]} 12. Kf2 {[%clk 1:33:14]} 12... Ba5 {[%clk 1:31:46]} 13. a3 { [%clk
1:18:49]} 13... Nd4 {[%clk 1:24:52]} 14. Rhd1 {[%clk 1:06:48]} 14... Bb6 {[%clk
0:57:36]} 15. Kg1 {[%clk 0:55:26]} 15... Nc2 {[%clk 0:35:53]} 16. Rac1 { [%clk
0:53:59]} 16... Bd3 {[%clk 0:34:53]} 17. Rxd3 {[%clk 0:44:47]} 17... c4+ {[%clk
0:35:18]} 18. Kh1 {[%clk 0:45:11]} 18... cxd3 {[%clk 0:35:35]} 19. Qxd3 {[%clk
0:45:35]} 19... Nd4 {[%clk 0:35:13]} 20. Nd5 {[%clk 0:45:06]} 20... Ne6 {[%clk
0:32:27]} 21. Bd6 {[%clk 0:40:51]} 21... Re8 {[%clk 0:30:19]} 22. Qd2 { [%clk
0:34:33]} 22... Kh8 {[%clk 0:28:39]} 23. f4 {[%clk 0:26:26]} 23... Rc8 { [%clk
0:25:27]} 24. Re1 {[%clk 0:25:57]} 24... Qh4 {[%clk 0:15:16]} 25. Bb4 { [%clk
0:12:32]} 25... Bc5 {[%clk 0:11:33]} 26. Bc3 {[%clk 0:12:35]} 26... Bd4 { [%clk
0:10:42]} 27. Bb4 {[%clk 0:11:59]} 27... Bc5 {[%clk 0:10:08]} 28. Bc3 { [%clk
0:08:47]} 28... f6 {[%clk 0:09:27]} 29. f5 {[%clk 0:04:31]} 29... Nc7 { [%clk
0:06:37]} 30. Ndf4 {[%clk 0:04:27]} 30... d5 {[%clk 0:06:23]} 31. Qd1 { [%clk
0:03:31]} 31... dxe4 {[%clk 0:05:04]} 32. g3 {[%clk 0:03:26]} 32... Qh6 { [%clk
0:05:32]} 33. Qb3 {[%clk 0:02:18]} 33... Bb6 {[%clk 0:04:56]} 34. Kg2 { [%clk
0:02:11]} 34... Rcd8 {[%clk 0:04:33]} 35. Qc4 {[%clk 0:02:06]} 35... e3 { [%clk
0:03:08]} 36. a4 {[%clk 0:02:16]} 36... Rc8 {[%clk 0:03:03]} 37. Qb3 { [%clk
0:01:13]} 37... Bc5 {[%clk 0:02:31]} 38. Qc4 {[%clk 0:01:36]} 38... Bd6 { [%clk
0:02:27]} 39. Qd4 {[%clk 0:01:07]} 39... Bxf4 {[%clk 0:01:28]} 40. Nxf4 { [%clk
0:01:31]} 40... Qg5 {[%clk 0:01:34]} 41. Rxe3 {[%clk 0:28:46]} 41... Qxf5
{[%clk 0:30:18]} 42. Qxa7 {[%clk 0:27:09]} 42... Rxe3 {[%clk 0:29:57]} 43. Qxe3
{[%clk 0:27:36]} 43... Qc2+ {[%clk 0:29:25]} 44. Kh3 {[%clk 0:25:31]} 44...
Qxa4 {[%clk 0:29:11]} 45. Qe7 {[%clk 0:24:10]} 45... Qc6 {[%clk 0:28:39]} 46.
Qf7 {[%clk 0:23:13]} 46... Qe8 {[%clk 0:28:41]} 47. Qc4 {[%clk 0:23:34]} 47...
Qd7+ {[%clk 0:28:42]} 48. Kg2 {[%clk 0:23:56]} 48... Nb5 {[%clk 0:28:55]} 0-1

[Event "DEM U18 2019"]
[Site "Willingen GER"]
[Date "2019.06.09"]
[Round "1"]
[White "Roseneck, Jonas"]
[Black "Wendler, David"]
[Result "1-0"]
[Termination "normal"]
[Board "5"]
[WhiteTitle "FM"]
[WhiteElo "2403"]
[BlackElo "2163"]
[WhiteClock "00:24:37"]
[BlackClock "00:18:49"]
[PlyCount "175"]
[WhiteFideId "12939870"]
[BlackFideId "12938360"]
[EventCountry "GER"]
[EventRounds "9"]
[EventType "swiss"]
[EventDate "2019.06.08"]

1. e4 {[%clk 1:30:57]} 1... g6 {[%clk 1:30:40]} 2. d4 {[%clk 1:31:23]} 2... Bg7
{[%clk 1:30:57]} 3. Nf3 {[%clk 1:31:48]} 3... d6 {[%clk 1:30:49]} 4. Bc4 {
[%clk 1:32:14]} 4... Nf6 {[%clk 1:30:22]} 5. Qe2 {[%clk 1:32:42]} 5... Nc6 {
[%clk 1:26:31]} 6. h3 {[%clk 1:21:35]} 6... e5 {[%clk 1:19:43]} 7. dxe5 { [%clk
1:17:31]} 7... Nxe5 {[%clk 1:14:39]} 8. Nxe5 {[%clk 1:15:32]} 8... dxe5 { [%clk
1:15:03]} 9. Nc3 {[%clk 1:11:04]} 9... c6 {[%clk 1:12:31]} 10. Be3 { [%clk
1:08:28]} 10... Qe7 {[%clk 1:08:22]} 11. O-O {[%clk 1:03:22]} 11... O-O { [%clk
0:59:30]} 12. a4 {[%clk 1:03:00]} 12... Nd7 {[%clk 0:42:17]} 13. f3 { [%clk
0:51:55]} 13... Re8 {[%clk 0:34:13]} 14. a5 {[%clk 0:47:18]} 14... Nc5 { [%clk
0:29:09]} 15. Qf2 {[%clk 0:46:48]} 15... Bf8 {[%clk 0:28:37]} 16. Rfd1 { [%clk
0:39:00]} 16... Be6 {[%clk 0:25:13]} 17. Bxe6 {[%clk 0:37:41]} 17... Nxe6
{[%clk 0:22:01]} 18. Na4 {[%clk 0:31:08]} 18... a6 {[%clk 0:17:00]} 19. Bb6 {
[%clk 0:29:42]} 19... Qg5 {[%clk 0:10:24]} 20. Rd7 {[%clk 0:23:35]} 20... Re7 {
[%clk 0:10:39]} 21. Rad1 {[%clk 0:20:08]} 21... Rae8 {[%clk 0:10:10]} 22. Kh2 {
[%clk 0:16:40]} 22... Rxd7 {[%clk 0:07:58]} 23. Rxd7 {[%clk 0:17:08]} 23... Re7
{[%clk 0:08:12]} 24. Rd1 {[%clk 0:17:33]} 24... f5 {[%clk 0:07:10]} 25. Be3 {
[%clk 0:11:54]} 25... Qf6 {[%clk 0:07:11]} 26. Nb6 {[%clk 0:11:10]} 26... Rf7 {
[%clk 0:03:29]} 27. exf5 {[%clk 0:07:39]} 27... gxf5 {[%clk 0:03:45]} 28. Nd7 {
[%clk 0:07:08]} 28... Qg7 {[%clk 0:02:34]} 29. Nxf8 {[%clk 0:07:23]} 29... Qxf8
{[%clk 0:01:33]} 30. Qh4 {[%clk 0:05:56]} 30... Rg7 {[%clk 0:00:40]} 31. Bb6 {
[%clk 0:03:08]} 31... Qe7 {[%clk 0:00:42]} 32. Qc4 {[%clk 0:02:43]} 32... Kh8 {
[%clk 0:01:09]} 33. Rd2 {[%clk 0:02:04]} 33... Rg8 {[%clk 0:01:09]} 34. Qc3 {
[%clk 0:01:26]} 34... Qg7 {[%clk 0:01:10]} 35. g4 {[%clk 0:01:17]} 35... h5 {
[%clk 0:00:45]} 36. Re2 {[%clk 0:01:10]} 36... hxg4 {[%clk 0:00:43]} 37. Rxe5 {
[%clk 0:01:25]} 37... g3+ {[%clk 0:00:45]} 38. Kg1 {[%clk 0:01:44]} 38... Ng5 {
[%clk 0:00:35]} 39. Rxf5 {[%clk 0:00:33]} 39... Qxc3 {[%clk 0:00:35]} 40. bxc3
{[%clk 0:01:02]} 40... Nxh3+ {[%clk 0:00:33]} 41. Kg2 {[%clk 0:01:00]} 41...
Ng5 {[%clk 0:29:54]} 42. Kxg3 {[%clk 0:25:37]} 42... Kh7 {[%clk 0:24:07]} 43.
Kf4 {[%clk 0:24:33]} 43... Kh6 {[%clk 0:21:59]} 44. Be3 {[%clk 0:24:30]} 44...
Ne6+ {[%clk 0:21:46]} 45. Ke5+ {[%clk 0:24:55]} 45... Kg7 {[%clk 0:21:45]} 46.
Bb6 {[%clk 0:21:43]} 46... Re8 {[%clk 0:20:22]} 47. Kd6 {[%clk 0:22:03]} 47...
Nf8 {[%clk 0:16:10]} 48. Bd4+ {[%clk 0:21:12]} 48... Kg6 {[%clk 0:16:14]} 49.
Rf6+ {[%clk 0:21:17]} 49... Kg5 {[%clk 0:15:53]} 50. Rf7 {[%clk 0:21:30]} 50...
Re6+ {[%clk 0:14:19]} 51. Kc5 {[%clk 0:21:44]} 51... Ng6 {[%clk 0:14:27]} 52.
Rxb7 {[%clk 0:21:41]} 52... Ne7 {[%clk 0:14:30]} 53. Ra7 {[%clk 0:18:52]} 53...
Kf4 {[%clk 0:14:49]} 54. Rxa6 {[%clk 0:18:59]} 54... Kxf3 {[%clk 0:15:04]} 55.
Rb6 {[%clk 0:18:21]} 55... Rg6 {[%clk 0:14:58]} 56. c4 {[%clk 0:16:42]} 56...
Ke4 {[%clk 0:14:29]} 57. c3 {[%clk 0:17:00]} 57... Rg5+ {[%clk 0:12:56]} 58.
Kb4 {[%clk 0:17:29]} 58... Rg2 {[%clk 0:12:46]} 59. Kb3 {[%clk 0:15:45]} 59...
Kf5 {[%clk 0:12:41]} 60. a6 {[%clk 0:15:47]} 60... Rg8 {[%clk 0:12:18]} 61. a7
{[%clk 0:16:04]} 61... Ra8 {[%clk 0:12:29]} 62. Rb8 {[%clk 0:16:27]} 62... Rxa7
{[%clk 0:12:52]} 63. Bxa7 {[%clk 0:16:55]} 63... Ke6 {[%clk 0:13:15]} 64. Re8 {
[%clk 0:17:18]} 64... Kd7 {[%clk 0:13:37]} 65. Rxe7+ {[%clk 0:17:46]} 65...
Kxe7 {[%clk 0:13:58]} 66. Kb4 {[%clk 0:18:16]} 66... Kd7 {[%clk 0:14:20]} 67.
Kc5 {[%clk 0:18:43]} 67... Kc7 {[%clk 0:14:37]} 68. Bb6+ {[%clk 0:19:12]} 68...
Kb7 {[%clk 0:15:00]} 69. Ba5 {[%clk 0:19:36]} 69... Ka6 {[%clk 0:15:15]} 70.
Kxc6 {[%clk 0:19:53]} 70... Kxa5 {[%clk 0:15:13]} 71. Kb7 {[%clk 0:20:08]}
71... Ka4 {[%clk 0:15:32]} 72. c5 {[%clk 0:20:35]} 72... Kb5 {[%clk 0:15:54]}
73. c6 {[%clk 0:21:02]} 73... Kc4 {[%clk 0:16:17]} 74. c7 {[%clk 0:21:29]}
74... Kxc3 {[%clk 0:16:40]} 75. c8=Q+ {[%clk 0:21:57]} 75... Kd4 { [%clk
0:17:00]} 76. Qf5 {[%clk 0:22:23]} 76... Kc4 {[%clk 0:17:24]} 77. Qe5 { [%clk
0:22:49]} 77... Kd3 {[%clk 0:17:44]} 78. Qf4 {[%clk 0:23:14]} 78... Ke2 { [%clk
0:18:06]} 79. Qg3 {[%clk 0:23:42]} 79... Kd2 {[%clk 0:18:26]} 80. Qf3 { [%clk
0:24:08]} 80... Kc2 {[%clk 0:18:49]} 81. Qe3 {[%clk 0:24:37]} 81... Kb2 82. Qd3
Ka2 83. Qb5 Ka3 84. Kc6 Ka2 85. Kc5 Ka3 86. Kc4 Ka2 87. Kc3 Ka1 88. Qb2# 1-0

[Event "DEM U18 2019"]
[Site "Willingen GER"]
[Date "2019.06.09"]
[Round "1"]
[White "Schnabel, Bennett"]
[Black "Muckle, Julius"]
[Result "0-1"]
[Termination "normal"]
[Board "6"]
[BlackTitle "FM"]
[WhiteElo "2125"]
[BlackElo "2370"]
[WhiteClock "00:00:45"]
[BlackClock "00:02:08"]
[PlyCount "78"]
[WhiteFideId "12943290"]
[BlackFideId "12942430"]
[EventCountry "GER"]
[EventRounds "9"]
[EventType "swiss"]
[EventDate "2019.06.08"]

1. e4 {[%clk 1:30:58]} 1... e6 {[%clk 1:30:58]} 2. d4 {[%clk 1:31:19]} 2... d5
{[%clk 1:31:27]} 3. Nd2 {[%clk 1:31:40]} 3... c5 {[%clk 1:31:55]} 4. Ngf3 {
[%clk 1:30:14]} 4... Nc6 {[%clk 1:32:15]} 5. exd5 {[%clk 1:30:12]} 5... exd5 {
[%clk 1:32:39]} 6. Bb5 {[%clk 1:29:06]} 6... Bd6 {[%clk 1:33:01]} 7. O-O {
[%clk 1:28:05]} 7... Nge7 {[%clk 1:33:28]} 8. dxc5 {[%clk 1:28:01]} 8... Bxc5 {
[%clk 1:33:53]} 9. Nb3 {[%clk 1:26:57]} 9... Bd6 {[%clk 1:34:19]} 10. Bg5 {
[%clk 1:13:34]} 10... O-O {[%clk 1:24:13]} 11. Qd2 {[%clk 1:09:54]} 11... Qc7 {
[%clk 1:18:20]} 12. Be2 {[%clk 0:57:09]} 12... h6 {[%clk 1:04:31]} 13. Bxe7 {
[%clk 0:40:23]} 13... Nxe7 {[%clk 1:02:43]} 14. Nbd4 {[%clk 0:40:44]} 14... a6
{[%clk 1:01:51]} 15. c3 {[%clk 0:40:44]} 15... Nc6 {[%clk 0:51:34]} 16. Rad1 {
[%clk 0:38:21]} 16... Re8 {[%clk 0:38:59]} 17. h3 {[%clk 0:29:13]} 17... Re4 {
[%clk 0:19:04]} 18. Rfe1 {[%clk 0:18:17]} 18... Bd7 {[%clk 0:18:12]} 19. Bd3 {
[%clk 0:15:02]} 19... Rf4 {[%clk 0:18:38]} 20. Bb1 {[%clk 0:13:54]} 20... Rd8 {
[%clk 0:15:32]} 21. a3 {[%clk 0:06:34]} 21... Rf6 {[%clk 0:10:31]} 22. Qc2 {
[%clk 0:05:52]} 22... g6 {[%clk 0:10:53]} 23. Ba2 {[%clk 0:06:02]} 23... Ne7 {
[%clk 0:05:24]} 24. Re2 {[%clk 0:05:02]} 24... b5 {[%clk 0:04:03]} 25. Rde1 {
[%clk 0:05:14]} 25... Bc8 {[%clk 0:04:30]} 26. a4 {[%clk 0:04:03]} 26... bxa4 {
[%clk 0:03:08]} 27. Qxa4 {[%clk 0:04:31]} 27... Kg7 {[%clk 0:03:18]} 28. Ne5 {
[%clk 0:04:22]} 28... Bc5 {[%clk 0:02:42]} 29. b4 {[%clk 0:04:03]} 29... Bxd4 {
[%clk 0:03:01]} 30. cxd4 {[%clk 0:04:32]} 30... Nf5 {[%clk 0:03:21]} 31. Rc2 {
[%clk 0:03:39]} 31... Qb6 {[%clk 0:02:56]} 32. Rxc8 {[%clk 0:01:44]} 32... Rxc8
{[%clk 0:03:06]} 33. Nd7 {[%clk 0:02:13]} 33... Qc6 {[%clk 0:03:04]} 34. Qxc6 {
[%clk 0:01:43]} 34... Rfxc6 {[%clk 0:03:33]} 35. Nc5 {[%clk 0:01:28]} 35...
Nxd4 {[%clk 0:03:19]} 36. Bxd5 {[%clk 0:01:14]} 36... Rd6 {[%clk 0:03:00]} 37.
Bc4 {[%clk 0:00:36]} 37... Rc7 {[%clk 0:01:39]} 38. Rc1 {[%clk 0:00:38]} 38...
a5 {[%clk 0:01:48]} 39. Na6 {[%clk 0:00:45]} 39... Rxa6 {[%clk 0:02:08]} 0-1

[Event "DEM U18 2019"]
[Site "Willingen GER"]
[Date "2019.06.09"]
[Round "1"]
[White "Hinrichs, Niklas"]
[Black "Schmider, Niklas"]
[Result "1-0"]
[Termination "normal"]
[Board "8"]
[WhiteElo "2128"]
[BlackElo "2300"]
[WhiteClock "00:03:32"]
[BlackClock "00:30:30"]
[PlyCount "65"]
[WhiteFideId "12942499"]
[BlackFideId "12993778"]
[EventCountry "GER"]
[EventRounds "9"]
[EventType "swiss"]
[EventDate "2019.06.08"]

1. d4 {[%clk 0:03:32]} 1... Nf6 {[%clk 0:30:30]} 2. c4 {[%clk 0:03:32]} 2... g6
{[%clk 0:30:30]} 3. Nc3 {[%clk 0:03:32]} 3... d5 {[%clk 0:30:30]} 4. cxd5 {
[%clk 0:03:32]} 4... Nxd5 {[%clk 0:30:30]} 5. Bd2 {[%clk 0:03:32]} 5... Nb6 {
[%clk 0:30:30]} 6. e3 {[%clk 0:03:32]} 6... Bg7 {[%clk 0:30:30]} 7. f4 { [%clk
0:03:32]} 7... N8d7 {[%clk 0:30:30]} 8. Ne4 {[%clk 0:03:32]} 8... Nf6 { [%clk
0:30:30]} 9. Nxf6+ {[%clk 0:03:32]} 9... Bxf6 {[%clk 0:30:30]} 10. Nf3 { [%clk
0:03:32]} 10... Bg4 {[%clk 0:30:30]} 11. Be2 {[%clk 0:03:32]} 11... c5 { [%clk
0:30:30]} 12. dxc5 {[%clk 0:03:32]} 12... Nd7 {[%clk 0:30:30]} 13. O-O { [%clk
0:03:32]} 13... Nxc5 {[%clk 0:30:30]} 14. Rc1 {[%clk 0:03:32]} 14... Qb6 {[%clk
0:30:30]} 15. Qc2 {[%clk 0:03:32]} 15... Ne6 {[%clk 0:30:30]} 16. Qa4+ { [%clk
0:03:32]} 16... Kf8 {[%clk 0:30:30]} 17. Ne5 {[%clk 0:03:32]} 17... Bxe5 {[%clk
0:30:30]} 18. Bxg4 {[%clk 0:03:32]} 18... Bf6 {[%clk 0:30:30]} 19. f5 { [%clk
0:03:32]} 19... Ng7 {[%clk 0:30:30]} 20. Rc2 {[%clk 0:03:32]} 20... h5 { [%clk
0:30:30]} 21. Bh3 {[%clk 0:03:32]} 21... g5 {[%clk 0:30:30]} 22. g3 { [%clk
0:03:32]} 22... h4 {[%clk 0:30:30]} 23. g4 {[%clk 0:03:32]} 23... Ne8 { [%clk
0:30:30]} 24. Qa3 {[%clk 0:03:32]} 24... Nd6 {[%clk 0:30:30]} 25. Rd1 { [%clk
0:03:32]} 25... Kg7 {[%clk 0:30:30]} 26. Ba5 {[%clk 0:03:32]} 26... Qb5 { [%clk
0:30:30]} 27. Bb4 {[%clk 0:03:32]} 27... Nc4 {[%clk 0:30:30]} 28. Qb3 { [%clk
0:03:32]} 28... Nxe3 {[%clk 0:30:30]} 29. a4 {[%clk 0:03:32]} 29... Qb6 { [%clk
0:30:30]} 30. a5 {[%clk 0:03:32]} 30... Qb5 {[%clk 0:30:30]} 31. Rc5 { [%clk
0:03:32]} 31... Qa6 {[%clk 0:30:30]} 32. Qxe3 {[%clk 0:03:32]} 32... b6 { [%clk
0:30:30]} 33. Rc7 {[%clk 0:03:32]} 1-0

[Event "DEM U18 2019"]
[Site "Willingen GER"]
[Date "2019.06.09"]
[Round "1"]
[White "Färber, David"]
[Black "Engel, Robert"]
[Result "1-0"]
[Termination "normal"]
[Board "9"]
[WhiteElo "2293"]
[BlackElo "2067"]
[WhiteClock "00:05:10"]
[BlackClock "00:23:52"]
[PlyCount "67"]
[WhiteFideId "12971294"]
[BlackFideId "12974684"]
[EventCountry "GER"]
[EventRounds "9"]
[EventType "swiss"]
[EventDate "2019.06.08"]

1. c4 {[%clk 1:29:31]} 1... e5 {[%clk 1:30:45]} 2. Nc3 {[%clk 1:29:37]} 2...
Nf6 {[%clk 1:30:44]} 3. Nf3 {[%clk 1:29:42]} 3... Nc6 {[%clk 1:30:11]} 4. e3 {
[%clk 1:29:59]} 4... d5 {[%clk 1:26:51]} 5. cxd5 {[%clk 1:29:26]} 5... Nxd5 {
[%clk 1:27:12]} 6. Bb5 {[%clk 1:29:46]} 6... Nxc3 {[%clk 1:25:57]} 7. bxc3 {
[%clk 1:30:12]} 7... Bd6 {[%clk 1:26:14]} 8. d4 {[%clk 1:29:29]} 8... O-O {
[%clk 1:25:17]} 9. Bxc6 {[%clk 1:26:28]} 9... bxc6 {[%clk 1:25:42]} 10. dxe5 {
[%clk 1:26:49]} 10... Bc5 {[%clk 1:25:28]} 11. O-O {[%clk 1:24:34]} 11... Qe7 {
[%clk 1:20:56]} 12. Qa4 {[%clk 1:05:02]} 12... Rd8 {[%clk 1:04:00]} 13. e4 {
[%clk 0:51:47]} 13... h6 {[%clk 1:01:52]} 14. Bf4 {[%clk 0:50:02]} 14... Bd7 {
[%clk 0:48:28]} 15. Rad1 {[%clk 0:41:52]} 15... Bb6 {[%clk 0:38:27]} 16. Rd2 {
[%clk 0:30:35]} 16... c5 {[%clk 0:38:20]} 17. Qc2 {[%clk 0:26:17]} 17... Bg4 {
[%clk 0:37:12]} 18. Rfd1 {[%clk 0:22:53]} 18... g5 {[%clk 0:35:51]} 19. Bg3 {
[%clk 0:20:04]} 19... h5 {[%clk 0:33:26]} 20. h3 {[%clk 0:15:10]} 20... h4 {
[%clk 0:31:38]} 21. hxg4 {[%clk 0:10:45]} 21... hxg3 {[%clk 0:32:03]} 22. c4 {
[%clk 0:10:39]} 22... c6 {[%clk 0:27:53]} 23. fxg3 {[%clk 0:06:27]} 23... Qe6 {
[%clk 0:26:08]} 24. Rd6 {[%clk 0:04:26]} 24... Qxg4 {[%clk 0:25:47]} 25. e6 {
[%clk 0:04:00]} 25... fxe6 {[%clk 0:25:02]} 26. e5 {[%clk 0:04:15]} 26... Qf5 {
[%clk 0:25:03]} 27. Qxf5 {[%clk 0:03:42]} 27... exf5 {[%clk 0:25:29]} 28. Nxg5
{[%clk 0:03:48]} 28... Re8 {[%clk 0:24:43]} 29. Rg6+ {[%clk 0:04:00]} 29... Kf8
{[%clk 0:24:47]} 30. Rf6+ {[%clk 0:03:52]} 30... Kg8 {[%clk 0:23:01]} 31. Rd7 {
[%clk 0:04:04]} 31... Rxe5 {[%clk 0:23:00]} 32. Rg6+ {[%clk 0:04:24]} 32... Kf8
{[%clk 0:23:26]} 33. Rf7+ {[%clk 0:04:43]} 33... Ke8 {[%clk 0:23:52]} 34. Rg8#
{[%clk 0:05:10]} 1-0